[Event "IECC CL4-1999.26"]
[Site "IECC email"]
[Date "1999.06.28"]
[Round "?"]
[White "Jobe, Tom B"]
[Black "Yee, David"]
[Result "1-0"]
[WhiteElo "1660"]
[BlackElo "1798"]
[PlyCount "49"]
[EventDate "1999.??.??"]
[EventType "tourn (corr)"]
[EventRounds "4"]
[SourceTitle "Corr 2008"]
[Source "ChessBase"]
[SourceDate "2008.06.24"]
[SourceVersion "1"]
[SourceVersionDate "2008.06.24"]
[SourceQuality "1"]

1. e4 e6 2. d4 d5 3. Nc3 Bb4 4. Bd3 dxe4 5. Bxe4 Nf6 6. Bf3 c5 7. a3 Bxc3+ 8. bxc3 Nc6 9. Ne2 e5 10. Bg5 exd4 11. Bxc6+ bxc6 12. cxd4 Ba6 13. c3 0-0 14. 0-0 cxd4 15. cxd4 Re8 16. Re1 Rxe2 17. Rxe2 Bxe2 18. Qxe2 Qxd4 19. Rd1 Qg4 20. Qd2 Nd5 21. h3 Qa4 22. Be7 Qb5 23. Qd4 Re8 24. Bc5 a5 25. Kh2 1-0

[Event "IECC CL4-1999.26"]
[Site "IECC email"]
[Date "1999.06.28"]
[Round "?"]
[White "Yee, David"]
[Black "Mendosa, Gabriel"]
[Result "1/2-1/2"]
[WhiteElo "1797"]
[BlackElo "1576"]
[PlyCount "34"]
[EventDate "1999.??.??"]
[EventType "tourn (corr)"]
[EventRounds "4"]
[SourceTitle "Corr 2008"]
[Source "ChessBase"]
[SourceDate "2008.06.24"]
[SourceVersion "1"]
[SourceVersionDate "2008.06.24"]
[SourceQuality "1"]

1. c4 g6 2. g3 Bg7 3. Bg2 Nc6 4. e3 e5 5. Nc3 d6 6. Nge2 Be6 7. b3 Qd7 8. h4 Nge7 9. Bb2 d5 10. cxd5 Nxd5 11. 0-0 0-0 12. Ne4 Rad8 13. Nc5 Qc8 14. Qc2 Ndb4 15. Qc3 Nd5 16. Qc2 Ndb4 17. Qc3 Nd5 1/2-1/2

[Event "IECC CL3-1999.11"]
[Site "IECC email"]
[Date "1999.02.07"]
[Round "?"]
[White "Hanegby, Avigdor"]
[Black "Yee, David"]
[Result "1-0"]
[WhiteElo "1995"]
[BlackElo "1826"]
[PlyCount "41"]
[EventDate "1999.??.??"]
[EventType "tourn (corr)"]
[EventRounds "4"]
[SourceTitle "Corr 2008"]
[Source "ChessBase"]
[SourceDate "2008.06.24"]
[SourceVersion "1"]
[SourceVersionDate "2008.06.24"]
[SourceQuality "1"]

1. f4 e5 2. fxe5 d6 3. exd6 Bxd6 4. Nf3 g5 5. g3 g4 6. Nh4 Ne7 7. d4 Ng6 8. Nxg6 hxg6 9. Qd3 Nc6 10. c3 Bf5 11. e4 Qe7 12. Bg2 0-0-0 13. 0-0 Ne5 14. Qe3 Bd7 15. Nd2 Bb5 16. Rd1 Kb8 17. b3 Nd3 18. c4 Nb4 19. Rb1 Nc2 20. Qf2 Nxd4 21. Nf1 1-0